Negative skin friction on pile foundations embedded in a layered half-space /
Saved in:
| 主要作者: | |
|---|---|
| 格式: | Thesis 圖書 |
| 語言: | English |
| 出版: |
1994.
|
| 主題: | |
| 標簽: |
添加標簽
沒有標簽, 成為第一個標記此記錄!
|
| LEADER | 00802cam a2200241 a 4500 | ||
|---|---|---|---|
| 001 | u361930 | ||
| 003 | SIRSI | ||
| 008 | 941025s1994 si v 00 1 eng m | ||
| 035 | |a ABU-2372 | ||
| 040 | |a UMM | ||
| 090 | |a TA780 |b Lim | ||
| 100 | 1 | 0 | |a Lim, Ching Heng. |
| 245 | 1 | 0 | |a Negative skin friction on pile foundations embedded in a layered half-space / |c by Lim Ching Heng. |
| 260 | |c 1994. | ||
| 300 | |a xx, 131 leaves : |b ill. ; |c 30 cm. | ||
| 502 | |a Dissertation (M.Eng.) -- National University of Singapore, 1994. | ||
| 504 | |a Bibliography: leaves 121-127. | ||
| 650 | 0 | |a Piling (Civil engineering) | |
| 650 | 0 | |a Foundations. | |
| 650 | 0 | |a Soil mechanics |x Mathematical models | |
| 948 | |a 25/10/1994 |b 25/11/2000 | ||
| 596 | |a 1 | ||
| 999 | |a TA780 LIM |w LC |c 1 |i A506001669 |l STACKS |m P01UTAMA |r Y |s Y |t TESIS |u 15/8/1996 | ||
